000 00539nam a22001937a 4500
003 OSt
008 251223b |||||||| |||| 00| 0 eng d
082 _a631.53
_bT30G
100 _aThakur, Shree Bhagavan.
245 _aGenetic Variability in Self Compatibility, Yield and ITS Component Traits in Sunflower (Helianthus annuus L.)
260 _a.- Pusa, Samastipur
_b: RAU
_c, 2000
300 _a48p.
650 _aPlant Breeding
650 _aSunflower
650 _aYield
650 _aThesis
650 _aM. Sc.
942 _2ddc
_cT
999 _c49660
_d49660